<?xml version="1.0" encoding="UTF-8"?>
<marc:record xmlns:marc="http://www.loc.gov/MARC21/slim">
   <marc:leader>00000nam a2200000 a 4500</marc:leader>
   <marc:datafield ind1="1" ind2=" " tag="100">
      <marc:subfield code="a">Siegner, Ingo</marc:subfield>
      <marc:subfield code="4">aut</marc:subfield>
      <marc:subfield code="e">Verfasser/-in</marc:subfield>
   </marc:datafield>
   <marc:datafield ind1="1" ind2=" " tag="100">
      <marc:subfield code="a">Metcalf, Robert</marc:subfield>
   </marc:datafield>
   <marc:datafield ind1="1" ind2=" " tag="100">
      <marc:subfield code="a">Schepmann, Philipp</marc:subfield>
   </marc:datafield>
   <marc:datafield ind1=" " ind2=" " tag="653">
      <marc:subfield code="a">Drache</marc:subfield>
   </marc:datafield>
   <marc:datafield ind1=" " ind2=" " tag="653">
      <marc:subfield code="a">Englisch</marc:subfield>
   </marc:datafield>
   <marc:datafield ind1="0" ind2="0" tag="245">
      <marc:subfield code="a">Der kleine Drache Kokosnuss kommt in die Schule [Tonträger]</marc:subfield>
   </marc:datafield>
   <marc:datafield ind1="0" ind2="0" tag="245">
      <marc:subfield code="c">Ingo Siegner. Mit Robert Metcalf, Philipp Schepmann</marc:subfield>
   </marc:datafield>
   <marc:datafield ind1=" " ind2="1" tag="264">
      <marc:subfield code="a">München</marc:subfield>
      <marc:subfield code="b">cbj Audio</marc:subfield>
      <marc:subfield code="c">2016</marc:subfield>
   </marc:datafield>
   <marc:datafield ind1="1" ind2=" " tag="490">
      <marc:subfield code="a">¬Der¬ kleine Drache Kokosnuss</marc:subfield>
      <marc:subfield code="v">01</marc:subfield>
   </marc:datafield>
   <marc:datafield ind1="1" ind2=" " tag="520">
      <marc:subfield code="a">Hello, my name is COCONUT! Spielerisches Vokabellernen mit den Abenteuern des kleinen Drachen Kokosnuss: Als der kleine Drache in die Schule kommt, holen seine Eltern Robert Robertson von der Insel Britanica ins Haus, um Kokosnuss beim Englisch lernen zu unterstützen.Basierend auf Ingo Siegners Buch Der kleine Drache Kokosnuss kommt in die Schule vermitteln Native Speaker Robert Metcalf und Kokosnuss-Stimme Philipp Schepmann den jungen Zuhörern einen ersten Einstieg in die englische Sprache. Das Hörbuch erzählt ein spannendes Kokosnuss-Abenteuer, in das drei Sprach-Lektionen und eine Wiederholungslektion eingebettet sind. In jeder Lektion lernen die kleinen Zuhörer mit der Geschichte und einem kurzen Song eine neue Vokabelgruppe kennen. Der Erzähltext ist in Deutsch gesprochen, so dass auch für Englisch-Anfänger keine Verständnisprobleme bestehen. Zum Nach- und Mitlesen finden Kinder und Eltern im bunten Booklet noch einmal alle Vokabeln und Liedtexte abgedruckt.</marc:subfield>
   </marc:datafield>
   <marc:datafield ind1=" " ind2=" " tag="020">
      <marc:subfield code="a">9783837134988</marc:subfield>
      <marc:subfield code="9">9783837134988</marc:subfield>
   </marc:datafield>
   <marc:datafield ind1=" " ind2=" " tag="020">
      <marc:subfield code="a">3837134989</marc:subfield>
      <marc:subfield code="9">3837134989</marc:subfield>
   </marc:datafield>
   <marc:datafield ind1=" " ind2=" " tag="041">
      <marc:subfield code="a">ger</marc:subfield>
   </marc:datafield>
   <marc:datafield ind1=" " ind2=" " tag="500">
      <marc:subfield code="a">Sprach-Hörbuch mit Vokabelteil</marc:subfield>
   </marc:datafield>
   <marc:datafield ind1="0" ind2=" " tag="490">
      <marc:subfield code="v">0</marc:subfield>
   </marc:datafield>
   <marc:datafield ind1=" " ind2=" " tag="300">
      <marc:subfield code="a">63' : 1 CD</marc:subfield>
   </marc:datafield>
</marc:record>
